000 00346nam a2200133Ia 4500
008 100328s9999 xx 000 0 und d
082 _b40
100 _aFranz Funck -Brentano
245 _aCagliostro And Company
260 _bCollins Clear-Type Press
630 _aCagliostro And Company
730 _aCagliostro And Company
942 _cBOOK
999 _c496437
_d496434